MARC

LEADER 00000nam0a2200000 4500
001 92130
005 20231031104525.0
020 |a RU  |b 80-59169 
035 |a (RuTPU)RU\TPU\book\98730 
090 |a 92130 
100 |a 20060309d1980 m y0rusy5003 ca 
101 0 |a rus 
102 |a RU 
105 |a a j 001zy 
200 1 |a Практикум по гидрологии  |e учебное пособие для вузов  |f А. А. Самохин, Н. Н. Соловьева, А. М. Догановский 
210 |a Ленинград  |c Гидрометеоиздат  |d 1980 
215 |a 296 с.  |c ил., карт., 1 отд. л. граф., карт. 
320 |a Библиогр.: с. 292-294. 
610 1 |a гидрология 
610 1 |a суша 
610 1 |a водный режим 
610 1 |a речная сеть 
610 1 |a речной сток 
610 1 |a озера 
610 1 |a водохранилища 
610 1 |a болота 
610 1 |a практикумы 
610 1 |a учебные пособия 
675 |a 551.49(076.5)  |z rus 
700 1 |a Самохин  |b А. А.  |g Александр Андреевич  |4 070 
701 1 |a Соловьева  |b Н. Н.  |g Нина Николаевна 
701 1 |a Догановский  |b А. М.  |g Аркадий Михайлович 
801 0 |a RU  |b RuMRKP  |c 19950704  |g psbo 
801 1 |a RU  |b 63413507  |c 20060309  |g PSBO 
801 2 |a RU  |b 63413507  |c 20091013  |g PSBO 
900 |a Основы гидравлики, гидрологии и гидрометрии 
942 |c BK